System Of A Down - Hypnotize Songs - Statistics

General Stats
  • This quiz has been taken 38 times
  • The average score is 10 of 12
Answer Stats
Spotify Streams Song % Correct
304,219,049 Hypnotize
95%
68,996,863 Attack
86%
50,636,820 Dreaming
86%
832,083,755 Lonely Day
86%
113,463,971 Soldier Side
86%
43,182,220 Stealing Society
81%
32,735,284 U-Fig
81%
89,561,301 Holy Mountains
76%
40,770,536 Tentative
76%
38,815,568 She's Like Heroin
71%
94,054,441 Kill Rock 'n Roll
67%
101,588,452 Vicinity Of Obscenity
67%
No matching quizzes found
Score Distribution
Percent of People with Each Score
Percentile by Number Answered
Your Score History
You have not taken this quiz